Geography Quiz

Random Geography or City Quiz

West Virginia Top 50 in the 1950 Census Quiz Stats

 Plays Quiz not verified by Sporcle

Challenge
Share
Tweet
Embed
Score 0/50 Timer 09:00
0 Plays Today
Rank City % Correct
2Charleston
97.5%
3Wheeling
95%
1Huntington
94.4%
7Morgantown
90.7%
5Parkersburg
88.8%
10Beckley
80.1%
12Martinsburg
75.2%
4Clarksburg
74.5%
11South Charleston
72%
9Bluefield
71.4%
8Weirton
70.8%
6Fairmont
68.9%
15Elkins
56.5%
43Charles Town
52.8%
13Moundsville
49.7%
28Logan
49.1%
41Nitro
48.4%
23Vienna
47.2%
29Point Pleasant
47.2%
18Princeton
46.6%
14St. Albans
45.3%
22Keyser
42.2%
24Buckhannon
41%
34New Martinsville
41%
20Grafton
39.8%
Rank City % Correct
30Oak Hill
39.8%
16Weston
38.5%
19Dunbar
37.3%
21Welch
36%
26Hinton
34.2%
17Williamson
33.5%
45White Sulphur Springs
33.5%
32Kenova
31.1%
39Montgomery
29.2%
31Follansbee
27.3%
47 (T)Paden City
26.7%
36Chester
24.8%
33Westover
24.2%
50Salem
24.2%
25Wellsburg
23.6%
27Richwood
23.6%
49Spencer
23.6%
44Shinnston
23%
35War
20.5%
40Mullens
17.4%
38Benwood
16.8%
37McMechen
16.1%
42Mannington
13%
47 (T)Mount Hope
9.9%
46Keystone
8.1%

You're not logged in!

Compare scores with friends on all Sporcle quizzes.
OR
Log In

You Might Also Like...

Show Comments

Extras

Top Quizzes Today


Score Distribution

Your Account Isn't Verified!

In order to create a playlist on Sporcle, you need to verify the email address you used during registration. Go to your Sporcle Settings to finish the process.

Report this User

Report this user for behavior that violates our Community Guidelines.

Details: